Problem solving for wireless sensor networks (Record no. 5121)

MARC details
000 -LEADER
fixed length control field 00960nam a22002897a 4500
003 - CONTROL NUMBER IDENTIFIER
control field OSt
005 - DATE AND TIME OF LATEST TRANSACTION
control field 20220107122812.0
008 - FIXED-LENGTH DATA ELEMENTS--GENERAL INFORMATION
fixed length control field 160509b xxu||||| |||| 00| 0 eng d
020 ## - INTERNATIONAL STANDARD BOOK NUMBER
International Standard Book Number 9788132203612
040 ## - CATALOGING SOURCE
Transcribing agency IIITMK
082 ## - DEWEY DECIMAL CLASSIFICATION NUMBER
Classification number 621.3821 GAR/P
100 ## - MAIN ENTRY--PERSONAL NAME
Personal name García-Hernando, Ana-Belén
9 (RLIN) 9224
245 ## - TITLE STATEMENT
Title Problem solving for wireless sensor networks
Statement of responsibility, etc. Ana-Belén García-Hernando et. al.
260 ## - PUBLICATION, DISTRIBUTION, ETC.
Place of publication, distribution, etc. New Delhi,
Name of publisher, distributor, etc. Springer (India) Pvt Ltd,
Date of publication, distribution, etc. 2011.
300 ## - PHYSICAL DESCRIPTION
Extent xvii, 215p.
440 ## - SERIES STATEMENT/ADDED ENTRY--TITLE
Title Computer communications and networks
9 (RLIN) 9225
650 ## - SUBJECT ADDED ENTRY--TOPICAL TERM
Topical term or geographic name entry element COMPUTER SCIENCE
9 (RLIN) 9226
650 ## - SUBJECT ADDED ENTRY--TOPICAL TERM
Topical term or geographic name entry element COMMUNICATION ENGINEERING
9 (RLIN) 9227
650 ## - SUBJECT ADDED ENTRY--TOPICAL TERM
Topical term or geographic name entry element COMMUNICATION SYSTEMS
9 (RLIN) 9228
650 ## - SUBJECT ADDED ENTRY--TOPICAL TERM
Topical term or geographic name entry element NETWORK SYSTEMS
9 (RLIN) 9229
650 ## - SUBJECT ADDED ENTRY--TOPICAL TERM
Topical term or geographic name entry element WIRELESS SENSOR NETWORKS
9 (RLIN) 9230
700 ## - ADDED ENTRY--PERSONAL NAME
Personal name Martínez-Ortega, José-Fernán
9 (RLIN) 9231
700 ## - ADDED ENTRY--PERSONAL NAME
Personal name López-Navarro, Juan-Manuel
9 (RLIN) 9232
700 ## - ADDED ENTRY--PERSONAL NAME
Personal name Prayati, Aggeliki
9 (RLIN) 9233
700 ## - ADDED ENTRY--PERSONAL NAME
Personal name Redondo-Lopez, Luis
9 (RLIN) 9234
942 ## - ADDED ENTRY ELEMENTS (KOHA)
Source of classification or shelving scheme Dewey Decimal Classification
Koha item type Books
Holdings
Withdrawn status Lost status Source of classification or shelving scheme Damaged status Not for loan Collection code Home library Current library Shelving location Date acquired Cost, normal purchase price Total Checkouts Full call number Barcode Date last seen Price effective from Koha item type
    Dewey Decimal Classification     Non Fiction Kerala University of Digital Sciences, Innovation and Technology Knowledge Centre Kerala University of Digital Sciences, Innovation and Technology Knowledge Centre Applied Electronics 09/05/2016 224.00   621.3821 GAR/P 4425 03/12/2020 09/05/2016 Books